| 000 | 00448nam a2200157Ia 4500 | ||
|---|---|---|---|
| 005 | 20250423101019.0 | ||
| 008 | 250422s9999 xx 000 0 und d | ||
| 020 | _a1- 800- 327- 6720 | ||
| 050 | _aHG 4921 .F63/ | ||
| 100 | _aNorman G. Fosback | ||
| 245 | 0 | _aStock market logic: a sophisticated approach to profits on wall street | |
| 260 | _bInstitute for econometric research incorporated | ||
| 260 | _c1976 | ||
| 300 | _a384 p | ||
| 942 | _cBK | ||
| 999 |
_c35019 _d35019 |
||